Madonna: Albums by Cover - Statistics

General Stats
  • This quiz has been taken 45 times
  • The average score is 12 of 14
Answer Stats
Picture Hint Answer % Correct
1984 Like a Virgin
97%
1998 Ray of Light
97%
1983 Madonna
93%
2000 Music
93%
1986 True Blue
93%
1992 Erotica
90%
1989 Like a Prayer
90%
2003 American Life
83%
1994 Bedtime Stories
83%
2008 Hard Candy
80%
2005 Confessions on a Dance Floor
77%
2019 Madame X
77%
2012 MDNA
77%
2015 Rebel Heart
70%
No matching quizzes found
Score Distribution
Percent of People with Each Score
Percentile by Number Answered
Your Score History
You have not taken this quiz